000 00595nam a22001937a 4500
999 _c9611
_d9611
003 AR-CdUCM
008 190328b ||||| |||| 00| 0 spa d
020 _a978-987-1831-60-9
040 _aMUNICIPALIDAD PROVINCIAL DEL CUSCO
_cBIBLIOTECA MUNICIPAL DEL CUSCO
082 _22ed.
_aES / 803 / S85 /
_bS85
100 _aSuárez, Patricia
_925932
245 _aLily y sus tías culebra /
260 _aBuenos Aires :
_bUrano,
_c2012.
300 _a90 páginas ;
_bIlustraciones.
_c21.5 cm.
650 _aLiteratura infantil
_9588
650 _aSiglo XXI
_92856
942 _2ddc
_cLIBROS
945 _aafb